| 000 | 00556nam a2200217Ia 4500 | ||
|---|---|---|---|
| 003 | OSt | ||
| 005 | 20230411123035.0 | ||
| 008 | 210423s2006 xx 000 0 und d | ||
| 020 | _a9788131505977 | ||
| 040 | _cal | ||
| 041 | _aeng | ||
| 082 |
_a302.2 _223 _bLITS |
||
| 100 |
_aLITTLEJOHN (Stephen W);FOSS (Karen A). _986096 |
||
| 245 | _aCommunication theory. | ||
| 260 |
_aLos Angeles _bSage Publications _c2006 |
||
| 300 |
_a367 _bPB |
||
| 365 |
_b350 _cINR |
||
| 440 | _v2 | ||
| 906 | _acommunication ; Encyclopedia ; theory. | ||
| 942 |
_2ddc _cBK |
||
| 999 |
_c157155 _d157155 |
||